| 000 | 00571nam a22001697a 4500 | ||
|---|---|---|---|
| 082 |
_a891.44 _bMUS |
||
| 100 | _aMusa,Muhammad | ||
| 245 |
_aRabinder Nath Tagore k Chaar Novel/ _bMuhammad Musa |
||
| 260 |
_aلاہور: _bالحمد پبلیکیشنز, _c2016. |
||
| 300 | _a1118p. | ||
| 563 | _aHB | ||
| 650 |
_aبنگالی ادب — ترجمے — اردو۔ _9129726 |
||
| 650 |
_aاردو ناول _9126053 |
||
| 880 |
_6100-01\(3\r _aمحمد موسیٰ |
||
| 880 |
_6245-02\(3\r _aرابندر ناتھ ٹیگور کے چار ناول |
||
| 942 |
_2ddc _cBK |
||
| 999 |
_c614148 _d614148 |
||